[Event "ODJM A 2014"]
[Site "Magdeburg GER"]
[Date "2014.06.14"]
[Round "9"]
[White "Hartmann, Jakob"]
[Black "Usczeck, Alina"]
[Result "0-1"]
[Termination "normal"]
[Board "17"]
[WhiteElo "1717"]
[BlackElo "1566"]
[PlyCount "54"]
[WhiteFideId "12918067"]
[BlackFideId "12938114"]
[EventCountry "GER"]
[EventRounds "9"]
[EventType "swiss"]
[EventDate "2014.06.07"]

1. e4 c6 2. d4 d5 3. exd5 cxd5 4. Bd3 Nc6 5. c3 g6 6. Bf4 Bg7 7. h3 f6 8. Qc2
Nh6 9. g4 Nf7 10. f3 e5 11. dxe5 fxe5 12. Bg3 Be6 13. h4 e4 14. fxe4 Bxg4 15.
Nd2 dxe4 16. Bxe4 Qd7 17. Ngf3 Bh6 18. O-O-O O-O-O 19. Kb1 Rhe8 20. Bxc6 Qxc6
21. Nd4 Rxd4 22. Qb3 Bxd1 23. Rxd1 Rxd2 24. Rxd2 Bxd2 25. Qxf7 Qe4+ 26. Ka1
Qe1+ 27. Bxe1 Rxe1# 0-1

[Event "ODJM A 2014"]
[Site "Magdeburg GER"]
[Date "2014.06.14"]
[Round "9"]
[White "Peters, Florian"]
[Black "Hinrichs, Niklas"]
[Result "1-0"]
[Termination "normal"]
[Board "18"]
[WhiteElo "1755"]
[BlackElo "1711"]
[PlyCount "59"]
[WhiteFideId "12952028"]
[BlackFideId "12942499"]
[EventCountry "GER"]
[EventRounds "9"]
[EventType "swiss"]
[EventDate "2014.06.07"]

1. Nf3 d5 2. c4 c6 3. e3 Nf6 4. Nc3 e6 5. b3 Be7 6. Bb2 Nbd7 7. Be2 O-O 8. Qc2
dxc4 9. bxc4 b6 10. O-O Bb7 11. Rfd1 Qc7 12. Rac1 Rfd8 13. d4 Bb4 14. e4 Bxc3
15. Bxc3 Qf4 16. Bd3 h6 17. e5 Ne8 18. h3 Qxc1 19. Rxc1 c5 20. Be4 Bxe4 21.
Qxe4 cxd4 22. Bxd4 Nc5 23. Bxc5 bxc5 24. Rb1 Nc7 25. Rb7 Na6 26. Qf4 Rd1+ 27.
Kh2 Rf8 28. Qe3 Nb4 29. Qxc5 Nd3 30. Qxa7 1-0

[Event "ODJM A 2014"]
[Site "Magdeburg GER"]
[Date "2014.06.14"]
[Round "9"]
[White "Heldt, Nils-Lennart"]
[Black "Schwenke, Stefan"]
[Result "1/2-1/2"]
[Termination "normal"]
[Board "19"]
[WhiteElo "1593"]
[BlackElo "1758"]
[PlyCount "57"]
[WhiteFideId "12952109"]
[BlackFideId "12948438"]
[EventCountry "GER"]
[EventRounds "9"]
[EventType "swiss"]
[EventDate "2014.06.07"]

1. e4 d6 2. d4 Nf6 3. Nc3 g6 4. Be3 Bg7 5. Be2 Nc6 6. f4 e5 7. fxe5 dxe5 8. d5
Ne7 9. h3 a6 10. Nf3 Qd6 11. Qd2 Nh5 12. O-O-O Ng3 13. Rhg1 c6 14. Qe1 Nxe2+
15. Qxe2 O-O 16. Qf2 cxd5 17. Bc5 Qf6 18. Nxd5 Nxd5 19. Bxf8 Bxf8 20. exd5 e4
21. Qd4 Qxd4 22. Nxd4 Bc5 23. Rge1 f5 24. Nb3 Bd6 25. c4 b6 26. a4 a5 27. Nd4
Bd7 28. Nb5 Bg3 29. Re2 1/2-1/2

[Event "ODJM A 2014"]
[Site "Magdeburg GER"]
[Date "2014.06.14"]
[Round "9"]
[White "Maurer, Noah"]
[Black "Biefel, Christian"]
[Result "1/2-1/2"]
[Termination "normal"]
[Board "20"]
[WhiteElo "1823"]
[BlackElo "1774"]
[PlyCount "75"]
[WhiteFideId "12920673"]
[BlackFideId "24692646"]
[EventCountry "GER"]
[EventRounds "9"]
[EventType "swiss"]
[EventDate "2014.06.07"]

1. e4 c6 2. d4 d5 3. exd5 cxd5 4. c4 Nf6 5. Nc3 e6 6. Nf3 Bb4 7. Bd3 Nc6 8. O-O
O-O 9. cxd5 Nxd5 10. Bc2 Nxc3 11. bxc3 Bxc3 12. Qd3 g6 13. Qxc3 Ne7 14. Bh6 Nd5
15. Qd3 Re8 16. a3 Bd7 17. Rfb1 Qc7 18. Ne5 Red8 19. Rc1 Qd6 20. Rab1 b6 21.
Qf3 Be8 22. Be4 Qe7 23. Bxd5 Rxd5 24. Rc7 Qh4 25. Rxf7 Qxh6 26. Ng4 Qg5 27. h4
Qxg4 28. Rf8+ Kg7 29. Qf6+ Kh6 30. Rg8 Qxd4 31. Qf8+ Kh5 32. Rh8 Rd7 33. Rb5+
e5 34. Qf6 Qxh4 35. Rxe5+ g5 36. Rd5 Rc8 37. Qf3+ Kh6 38. Qf8+ 1/2-1/2

[Event "ODJM A 2014"]
[Site "Magdeburg GER"]
[Date "2014.06.14"]
[Round "9"]
[White "Greßmann, Hanna"]
[Black "Teichert, Felix"]
[Result "1-0"]
[Termination "normal"]
[Board "24"]
[WhiteElo "1551"]
[BlackElo "1686"]
[PlyCount "81"]
[WhiteFideId "12930709"]
[BlackFideId "12987670"]
[EventCountry "GER"]
[EventRounds "9"]
[EventType "swiss"]
[EventDate "2014.06.07"]

1. e4 c5 2. Nc3 d6 3. f4 Nc6 4. Bc4 e6 5. Nf3 g6 6. d3 Bg7 7. O-O Nf6 8. a3 O-O
9. Ba2 b6 10. Qe1 Bb7 11. f5 exf5 12. exf5 Re8 13. Qg3 Nh5 14. Qh3 Ne5 15. Nxe5
Rxe5 16. fxg6 Bc8 17. gxf7+ Kh8 18. Qf3 Rf5 19. Qe2 Bd4+ 20. Be3 Qf6 21. Rxf5
Bxf5 22. Rf1 Qe5 23. Bxd4 Qxd4+ 24. Qf2 Ng7 25. Qxd4 cxd4 26. Nb5 Rf8 27. Nxd6
Be6 28. Bxe6 Nxe6 29. Re1 Ng5 30. Re8 Kg7 31. Rxf8 Kxf8 32. Nc8 Kxf7 33. Nxa7
Ke6 34. Nc8 b5 35. Na7 b4 36. axb4 Kd6 37. c3 Ne6 38. Nb5+ Kd5 39. Nxd4 Nxd4
40. cxd4 Kxd4 41. Kf2 1-0

[Event "ODJM A 2014"]
[Site "Magdeburg GER"]
[Date "2014.06.14"]
[Round "9"]
[White "Wiese, Tobias"]
[Black "Bossert, Felix"]
[Result "1-0"]
[Termination "normal"]
[Board "27"]
[WhiteElo "1548"]
[BlackElo "1531"]
[PlyCount "35"]
[WhiteFideId "12974382"]
[BlackFideId "12960977"]
[EventCountry "GER"]
[EventRounds "9"]
[EventType "swiss"]
[EventDate "2014.06.07"]

1. d4 d5 2. c4 c6 3. Nc3 Nf6 4. Nf3 e6 5. Bg5 Nbd7 6. e3 h6 7. Bh4 Be7 8. Bd3
Qc7 9. Qc2 dxc4 10. Bxc4 e5 11. O-O O-O 12. Rac1 exd4 13. Nxd4 Ng4 14. Bg3 Qa5
15. Qe4 Nde5 16. Nb3 Qc7 17. h3 Nf6 18. Qxe5 1-0

[Event "ODJM A 2014"]
[Site "Magdeburg GER"]
[Date "2014.06.14"]
[Round "9"]
[White "Kovac, Laura"]
[Black "Lengler, Tim"]
[Result "0-1"]
[Termination "normal"]
[Board "30"]
[WhiteElo "1602"]
[BlackElo "1573"]
[PlyCount "66"]
[WhiteFideId "12938882"]
[BlackFideId "12936197"]
[EventCountry "GER"]
[EventRounds "9"]
[EventType "swiss"]
[EventDate "2014.06.07"]

1. e4 c5 2. Nc3 Nc6 3. Bc4 e6 4. d3 g6 5. f4 Bg7 6. Nf3 Nge7 7. O-O O-O 8. Qe1
b6 9. Ne2 Bb7 10. c3 Qc7 11. Qh4 d5 12. Bb3 Ba6 13. c4 dxe4 14. Ng5 h6 15. Nxe4
Nf5 16. Qh3 Rfd8 17. g4 Nfd4 18. Nxd4 Nxd4 19. Kf2 Qe7 20. Nd2 Bb7 21. Bd1 Rd7
22. Nb3 Rad8 23. Nxd4 Rxd4 24. Be2 Qf6 25. Ke1 R4d7 26. Rb1 Re8 27. g5 hxg5 28.
fxg5 Qe7 29. b3 e5 30. Qe3 e4 31. dxe4 Bxe4 32. Rb2 Bxb2 33. Bxb2 Bd3 0-1